000
00296nam a2200133Ia 4500
008
191201s1985 xx 000 0 und d
082
_a
535
_b
FIQ
100
_a
FIUTAK,J
245
0
_a
Quantum Optics
260
_b
World scientific
_c
1985
300
_a
400
650
_a
B.Tech(ECE)
942
_2
ddc
_c
BK
999
_c
656
_d
656